000 00263nam a22001217a 4500
008 170720b xxu||||| |||| 00| 0 eng d
041 _aeng
080 _a2
100 _a24
101 _aTEO
245 _aVIEWS OF THE BIBLICAL WORLD
_cMAZAR, B
942 _2udc
_cBK
999 _c21665
_d21665